000 02107 a2200217 4500
003 MN-UlNLM
005 20220630125557.0
008 a130t1989 mp ||||| |||| 00| 0 mon d
040 _aМонгол Улсын Үндэсний номын сан
084 _a83.35Мо
_2NNA
_bС 81
_q82
245 0 _aШүлэгч С.Лувсандондовын бүтээл
_cЭмхт. М.Гүрсэд ба бус
_cРед. Ж.Цолоо
250 _a1
260 1 _aУБ
_bУХГ
_c1989
300 _a122x
546 _aMongolia
653 _aАрдын аман зохиол, утга зохиол
_aУтга зохиол судлал
740 _aЛу жанжны товч намтар
_aС.Лувсандондовын гарал, угсаа, элжгэн халхын тухай
_aС.Лувсандондовын зохиолууд
_aНайраглал: Хан Хөхий магтаал
_aШүлэг: Ан ав
_aАхуй орчлонгийн аяс
_aБуга намнахуй
_aБүсгүй увдис
_aМөнх нь үгүй хорвоо
_aӨндөр Богдын ард
_aСэнхрүүлэхийн учир
_aТаван эрдэнэ
_aҮсэг бичиг
_aХөхийн орой дээр суухуй
_aДуу: Буяны учрал
_aЗээ баян хөхий
_aӨндөр Хөхийн буга
_aХан сайхан
_aХөхий уулын шил
_aХурдан морины цол, гэрийн ерөөл
_aИх насны түрүү морины цол
_aСоёолон морины тэргүүн цол
_aХязаалан ба шүдлэн морьдын тэргүүн цол
_aИх насны дугшаа морины цол
_aСоёолон дугшаа морины цол
_aГэрийн ерөөл
_aЛу жанжин гүний тухай домог, хууч яриа
_aНомын сан
_aДөрвөлжин бурам
_aУлиастайн цэргийн бослого
_aХарцага Чин ван шалбаагт ойчсон нь
_aХилс хэрэгтнийг аварсан нь
_aМанж эзний зарлигийг мухардуулсан нь
856 _aprintbook
942 _cBK
999 _c51912
_d51912